Cities of San Diego County on a Map - Statistics

General Stats
  • This quiz has been taken 2,096 times
  • The average score is 19 of 50
Answers on the Map
Answers color-coded by a green-red scale on the quiz's map according to % correct below.
 
Answer Stats
City % Correct
San Diego
97%
Chula Vista
83%
Oceanside
79%
Carlsbad
76%
Coronado
71%
Escondido
70%
El Cajon
65%
Encinitas
62%
Imperial Beach
61%
Del Mar
59%
National City
58%
Poway
57%
Vista
56%
La Mesa
53%
San Marcos
52%
Santee
52%
Solana Beach
46%
Alpine
43%
Julian
43%
Lemon Grove
41%
Ramona
41%
Fallbrook
36%
Lakeside
33%
Rancho Santa Fe
33%
Bonita
31%
Spring Valley
31%
Jamul
30%
Borrego Springs
28%
Rainbow
27%
Valley Center
26%
Bonsall
25%
Rancho San Diego
24%
Campo
22%
Camp Pendleton South
22%
Camp Pendleton North
21%
Lake San Marcos
21%
La Presa
21%
Bostonia
19%
Descanso
19%
Fairbanks Ranch
19%
Winter Gardens
18%
Casa de Oro-Mount Helix
17%
Pine Valley
17%
Boulevard
16%
Crest
16%
San Diego Country Estates
16%
Eucalyptus Hills
15%
Granite Hills
15%
Harbison Canyon
14%
Hidden Meadows
13%
No matching quizzes found
Score Distribution
Percent of People with Each Score
Percentile by Number Answered
Your Score History
You have not taken this quiz